|
|
|
|
| LEADER |
00000nab a2200000 a 4500 |
| 001 |
vtls000326163 |
| 003 |
SK-MaSNL |
| 005 |
20260303212755.0 |
| 008 |
111202c1987 xo 0 slo |
| 015 |
|
|
|a SNBRA19rr/mm-uuuuu
|
| 035 |
|
|
|a CL0326285
|
| 040 |
|
|
|a SNKBUCL
|b slo
|c SNKBUCL
|e AACR2
|
| 041 |
0 |
|
|a slo
|
| 044 |
|
|
|a xo
|c SK
|
| 080 |
|
|
|a 621.83-523.3:629.114-585
|2 1981
|
| 080 |
|
|
|a 629.114-585
|2 1981
|
| 100 |
1 |
|
|a Štefula, Ján
|4 aut
|9 394469
|
| 245 |
1 |
0 |
|a Elektronické riadenie spojitých prevodoviek so zvýšeným prevodovým rozsahom
|c Ján Štefula, Ján Kramárik
|
| 300 |
|
|
|b Obr. 3., lit. 2 zázn. v slov.
|
| 650 |
0 |
7 |
|a mobilné pracovné stroje
|2 snkbucl
|9 79065
|
| 650 |
0 |
7 |
|a prevodovky hydraulické diferenciálne
|2 snkbucl
|9 978360
|
| 650 |
0 |
7 |
|a prevodovky hydrostaticko-mechanické
|2 snkbucl
|9 970434
|
| 655 |
|
7 |
|a články zo zborníkov
|2 snkbucl
|9 166140
|
| 700 |
1 |
|
|a Kramárik, Ján
|4 aut
|9 380985
|
| 773 |
0 |
|
|t Elektronizácia strojárskych výrobkov a technologických komplexov
|d Žilina : Dom techniky ČSVTS, 1987
|g S. 64-68
|
| 850 |
|
|
|a Slovenská národná knižnica v Martine
|a MTA001
|
| 852 |
|
|
|a SNK
|b KIS3GCP
|
| 958 |
|
|
|a RK
|
| 992 |
|
|
|a RZB
|
| 999 |
|
|
|c 2209012
|d 2210942
|